Chelsea FC Squad 2024-2025 - Statistics

General Stats
  • This quiz has been taken 1,160 times
    469 since last reset
  • The average score is 23 of 36
Answer Stats
# Position Nation Player % Correct
1 GK Spain Robert Sánchez
98%
8 MF Argentina Enzo Fernández
94%
3 DF Spain Marc Cucurella
92%
20 MF England Cole Palmer
90%
10 FW Ukraine Mykhaylo Mudryk
89%
7 FW Portugal Pedro Neto
89%
25 MF Ecuador Moisés Caicedo
88%
15 FW Senegal Nicolas Jackson
87%
24 DF England Reece James
85%
2 DF France Axel Disasi
78%
6 DF England Levi Colwill
78%
12 GK Denmark Filip Jörgensen
77%
27 DF France Malo Gusto
75%
5 DF France Benoît Badiashile
74%
11 FW England Noni Madueke
74%
- Coach Italy Enzo Maresca
72%
29 DF France Wesley Fofana
72%
14 FW Portugal João Félix
71%
45 MF Belgium Roméo Lavia
71%
19 FW England Jadon Sancho
62%
18 MF France Christopher Nkunku
60%
23 DF England Trevoh Chalobah
60%
38 FW Spain Marc Guiu
58%
21 DF England Ben Chilwell
56%
4 DF England Tosin Adarabioyo
51%
22 MF England Kiernan Dewsbury-Hall
49%
13 GK England Marcus Bettinelli
47%
40 DF Portugal Renato Veiga
42%
31 MF Italy Cesare Casadei
40%
32 FW England Tyrique George
37%
34 DF England Josh Acheampong
34%
47 GK Finland Lucas Bergström
33%
17 MF England Carney Chukwuemeka
32%
36 FW Brazil Deivid Washington
28%
30 DF Argentina Aarón Anselmino
24%
39 MF France Mathis Amougou
15%
No matching quizzes found
Score Distribution
Percent of People with Each Score
Percentile by Number Answered
Your Score History
You have not taken this quiz since the last reset